000 00648nam a2200193 a 4500
001 000010279
005 20240412074216.0
008 091006s1975 dr ac r 001 p spa d
040 _aDO-SdBNP
_bspa
_cBNPHU
082 _aRD861.44
_bF224pa
100 1 _aFarías, María Cristina de,
_925294
245 1 0 _aPatria mía :
_b5 libros y una inspiración /
_cMa. Cristina Farías.
260 _aSanto Domingo :
_bCultural Dominicana,
_c1975.
300 _a184 p. :
_bil., retrs. ;
_c21 cm.
590 _aInventariado, 2018/BT
650 0 _aPoesía dominicana
_966
650 0 _aLiteratura dominicana.
_967
910 _aValidado. Control de calidad. MMOLINA
999 _c10038
_d10038